| 000 | 00437nam a22001697a 4500 | ||
|---|---|---|---|
| 005 | 20180221120425.0 | ||
| 008 | 160518b xxu||||| |||| 00| 0 eng d | ||
| 020 | _a978-81-203-2738-2 | ||
| 041 | _aeng | ||
| 082 |
_b2781 _a174.4 |
||
| 100 |
_aPeterson, Robert A and. Ferrell, O.C. _94154 |
||
| 245 | _aBusiness Ethics | ||
| 260 |
_aNew Delhi _bPHI learning Pvt. Ltd. _c2005 |
||
| 300 | _a269 | ||
| 650 |
_aManagement _9241 |
||
| 942 | _cBK | ||
| 999 |
_c987 _d987 |
||